000 nam a22 7a 4500
999 _c55021
_d55021
003 OSt
005 20220808144458.0
008 220808b xxu||||| |||| 00| 0 eng d
040 _cIIMT UNIVERSITY
100 _aPISKUNO, V.N
245 _aDIFFERENTIAL AND INTEGRAL CALCULUS
260 _aNEW DELHI
_bC.B.S
_c1999
300 _a576
942 _2ddc
_c09